| 000 | 01363nam2a22002891 4500 | ||
|---|---|---|---|
| 001 | rc\122255 | ||
| 005 | 20250612180955.0 | ||
| 010 |
_a5-200-01067-5 _9100000 |
||
| 035 | _a(NLR Aleph) 008772484 | ||
| 090 |
_a7932623 _c7932623 |
||
| 100 | _a20021216d1991 |||y0rusy50 ca | ||
| 101 | 0 | _arus | |
| 102 | _aRU | ||
| 105 | _ay ||||||||| | ||
| 200 | 1 |
_aА - Б _f[Сост. Л.П. Алекторовой и др.] |
|
| 210 |
_d1991 _aБ. м. |
||
| 215 | _a864 с. | ||
| 320 | _aБиблиогр.: с. 17-18 | ||
| 461 | 0 |
_1001rc\122254 _12001#$aСловарь современного русского литературного языка$eВ 20 т.$e[Гл. ред.$eд. филол. н. К.С. Горбачевич]$fАН СССР. Ин-т рус. яз.$vТ. 1 _97299193 _cМ. _d1991- _e2-е изд., перераб. и доп. _fАН СССР. Ин-т рус. яз. _nРус. яз. _oВ 20 т. : [Гл. ред. : д. филол. н. К.С. Горбачевич] _tСловарь современного русского литературного языка _y5200010683 _vТ. 1 |
|
| 606 | 1 |
_aРусский язык _jТолковые словари _2nlr_sh1 |
|
| 702 | 1 |
_aАлекторова _bЛ.П. _4220 |
|
| 801 | 0 |
_aRU _bNLR _gpsbo |
|
| 801 | 1 |
_aRU _bELAR _2rusmarc |
|
| 801 | 2 |
_aRU _bNLR _c20050406 _2rusmarc |
|
| 852 |
_aNLR _bС _jК-3/213 |
||
| 942 | _cBOOK | ||
| 980 | _aNB | ||